000 01073nas a2200337 4500
001 BR2018001457
003 BR-BrBNA
005 20231205131350.0
007 ta
008 230509b bl.|||p| |||| 00| 00por d
040 _aBR-BrBNA
_bpor
_cBiblioteca Nacional de Agricultura
041 _a(En)
072 _aF30; H20
100 1 _aSantiago, C.H.
100 1 _aSantana, M.P.
100 1 _aCairo Junior, L.R.
100 1 _aOliveira, S.A.S. de
100 1 _aOliveira, E.J. de
245 1 _aMethodologies for selecting cassava with resistance to dry and black root rot under controlled conditions
650 _aMANDIOCA
650 _aPODRIDÃO RADICULAR
650 _aDOENÇA DE PLANTA
650 _aFUNGO
650 _aVARIEDADE RESISTENTE
650 _aGENÓTIPO
650 _aINOCULAÇÃO
773 0 _tBragantia (Brazil)
_xISSN 1678-4499
_g(Jul-Sep 2018), v. 77(3) p. 440-451
_wBR2018001457
856 4 0 _uhttp://www.scielo.br/pdf/brag/v77n3/0006-8705-brag-1678-44992017298.pdf
909 _a202311
_bLúcia
_c55
_dLúcia Elande
942 _2AGRIS
_n0
_cANA
999 _c254410
_d254410